000 00330 a2200157 4500
001 179933
020 _a
040 _cMagnum
100 _aBandeira, Pedro
240 1 0 _aPequeno pode tudo
_lpor
245 1 0 _aPequeno pode tudo
362 0 _a1899
440 1 _aModerna
697 _aMAGNITO: I/LENDAS, FOLCLORE
942 _cBK
999 _c179933
_d179933